| 000 | 00603nam a2200193Ia 4500 | ||
|---|---|---|---|
| 003 | GCL | ||
| 008 | 140319s9999 xx 000 0 ara d | ||
| 040 |
_aGCL / _cGCL |
||
| 082 | 0 | 4 |
_a813.08 _bص د |
| 100 | 1 | _aصالح مرسى | |
| 245 | 1 | 0 |
_aدموع فى عيون وقحة / _cصالح مرسى |
| 260 |
_aالقاهرة : _bمكتبة مدبولى الصغير ، _c1993 |
||
| 300 |
_a301 ص ؛ _c18 سم |
||
| 490 |
_aالاعمال الكاملة لصالح مرسى _v0 |
||
| 650 | 0 | 4 | _aقصص البطولات |
| 650 | 0 | 4 | _aالمخابرات |
| 650 | 0 | 4 | _aالتراجم |
| 942 |
_2ddc _cBK |
||
| 999 |
_c46660 _d46660 |
||